Statystyki dla Najpopularniejsi raperzy na spotify

Kliknij tutaj aby rozwiązać quiz!

Ogólne statystyki

  • Ten quiz został rozwiązany 40 razy
  • Średni wynik to 11 z 20

Statystyki odpowiedzi

#raper% Poprawnych
15Bedoes
86%
2Mata
86%
9White 2115
83%
8Kizo
78%
17Taco Hemingway
72%
1Malik Montana
69%
10Białas
64%
13Oki
64%
6Young Igi
61%
11Young Leosia
61%
5Żabson
61%
14Smolasty
53%
20Szpaku
53%
4Sobel
47%
12Tymek
39%
3Mr.Polska
28%
18Kinny Zimmer
22%
7Lanek
17%
19Sentino
8%
16Masny Ben
6%

Rozkład punktacji

Percentyl według liczby udzielonych odpowiedzi

Procent ludzi z każdym wynikiem

Twoja historia wyników

Nie rozwiązałeś tego quizu